| 000 | 00852nam a22002657a 4500 | ||
|---|---|---|---|
| 001 | 3016 | ||
| 003 | FISKH | ||
| 005 | 20240130153824.0 | ||
| 008 | 240130b cb ||||| |||| 00| 0 eng d | ||
| 020 | _a9780439046008 | ||
| 040 |
_aFISKH _beng _cFISKH _dFISKH |
||
| 050 | _aQA113.C357 | ||
| 082 | _a513.211 | ||
| 100 | _aCanizares, Susan | ||
| 245 |
_aHow many can play?/ _cby Canizares, Susan and Chessen, Betsey |
||
| 260 |
_aNew York : _bScholastic, _c2012 |
||
| 300 |
_a12 unnumbered pages : _bcolor illustrations ; _c19 cm . |
||
| 490 | _a Learning Center Emergent Readers | ||
| 505 | _aC | ||
| 520 | _aA counting book presenting children engaged in various sports, including swimming, football, and rollerblading. | ||
| 521 | 8 |
_a140
_bLexile |
|
| 521 | 8 |
_aC
_bRaz-Plus |
|
| 600 |
_2sports _vnon-fiction |
||
| 942 |
_2ddc _cBK _n0 |
||
| 999 |
_c3016 _d3016 |
||